000 00453nam a2200145Ia 4500
008 100204s9999 xx 000 0 und d
082 _b5127
100 _aपै शिरिष
245 _aलग्न आणि इतर कथा
260 _bअभिनव प्रकाशन
_c1982
300 _a167
630 _aलग्न आणि इतर कथा
730 _aलग्न आणि इतर कथा
942 _cBOOK
999 _c466576
_d466573